01238 a2200169 45000010006000000050017000060080041000230030015000640400040000790800066001192450048001850200018002332640032002513000019002835050732003021000034010344787720260407155744.0260407a1994 arg spa dAR-UNSa-BCEJYS aAR-UNSa-BCEJYSbspacAR-UNSa-BCEJYS a004.42xProgramación de ordenadores. Programas de ordenador10aFox Pro 2.5 para dos y windows a su alcance a84-481-1906-1 1aMadrid :bMcGraw-Hillc1994 a572 p.c21 cm. a1. Manejo del editor-compilador. Ventana de mandatos interactivos - 2. Creación de bases de datos - 3. Control de flujo - 4. La macrosustitución - 5. Los ARRAYS en FOXPRO - 6. Funciones FOXPRO. Biblioteca de funciones - 7. Entrada de datos: El control say ...get ...read - 8. Control de objetos - 9. Programación interactiva. Diálogo con ventanas FOXPRO - 10. Campos memo contenidos en las bases de datos - 11. Compilación y enlazado - 12. Áreas de trabajo y tipos de índices en FOXPRO. Índices compactos y compuestos - 13. Creación de informes y etiquetas - 14. Funciones de ARRAYS - 15. Programación de teclas - 16. Menús, Windows, Boxes - 17. El sistema multiusuario FOXPRO para redes de área local.1 aGarcia- Badell, José Javier